01443cab a2200229Ia 4500001000800000003000600008008004100014040000800055100002400063240009700087245019000184300001500374504002500389520049700414650004000911650002300951650001700974650003400991700001801025773008901043856008101132u192792SIRSI110619s2007 ua ss b eng d aEAL1 aJoshi, Neelendra K.14aThe Second International Conference of Economic Entomology, 2007 v.2h[electronic resource].10aEvaluation of confidor 200 SL against wheat aphids, and study of relanve susceptibility of wheat germplasms to sitophilus oryzae (l.) (coleoptera: curculionidae)h[electronic resource]. ap.311-321. aIncludes references. aTwo experiments were conducted to evaluate Confider 200 SL against wheat aphids. and to Study relative susceptibility of wheat gennplasms aganist Sitophilus oryzae (L.) (Coleoptera: Cnrcnlionidae). Confider 200 SL @ 400 mllha treatment was found most effective against wheat aphids. In all cases (except mixing .of Confider 200 SL (a) 100 ml/ha with Tilt@0.01 %). Confider 200 SL was founded compatible with Tilt 0.01 %. In mixing. aphid incidence was found higher than the untreated control. 0aWheatxDiseases and pestsxControl. 0aGreenbugxControl. 0aRice weevil. 0aGreenbugxBiological control.1 aSharma, V. K.0 tThe Second International Conference of Economic Entomology.g2007.v.27nnabwu19258140uhttp://nile.enal.sci.eg/EALE/2007/ICEE/Conf/207/311.pdfzFull Text Articles.